Current trends in transport
Dnešná doba je veľmi rýchla a konzumná, čo v konečnom dôsledku ovplyvňuje aj samotnú dopravu. Práve na tento trend reaguje takzvaná „logistika poslednej míle“, kde sa na jednej strane sklady približujú k obývaným oblastiam, na druhej strane sa kladie dôraz na čo najrýchlejší a najefektívnejší dovoz...
Salvato in:
| Autore principale: | |
|---|---|
| Natura: | Capitolo di libro |
| Lingua: | inglese |
| Soggetti: | |
| Tags: |
Nessun Tag, puoi essere il primo ad aggiungerne!!
|
MARC
| LEADER | 00000naa$a2200000$$$4500 | ||
|---|---|---|---|
| 001 | 0306004 | ||
| 005 | 20250109134651.8 | ||
| 041 | 0 | |a eng | |
| 044 | |a CZ | ||
| 245 | 1 | 0 | |a Current trends in transport |c Brigita Boorová |
| 520 | |a Dnešná doba je veľmi rýchla a konzumná, čo v konečnom dôsledku ovplyvňuje aj samotnú dopravu. Práve na tento trend reaguje takzvaná „logistika poslednej míle“, kde sa na jednej strane sklady približujú k obývaným oblastiam, na druhej strane sa kladie dôraz na čo najrýchlejší a najefektívnejší dovoz priamo do dvere. Zároveň musíme brať do úvahy aj snahy miest o dekarbonizáciu obývaných oblastí a najmä centier miest, čo môže vyzerať napríklad ako zákaz vjazdu áut so spaľovacím motorom do centra mesta. | ||
| 610 | 2 | 0 | |a doprava automobilová |
| 610 | 2 | 0 | |a logistika |
| 610 | 2 | 0 | |a doprava |
| 610 | 2 | 0 | |a tovar |
| 610 | 2 | 0 | |a technológia |
| 610 | 2 | 0 | |a mestá |
| 100 | 1 | |a Boorová, Brigita, 1979- | |